Vplyv neurčitosti na analýzu sociálnych rizík
Vymedzenie pojmu riziko. Význam neurčitosti pri analýze sociálnych rizík. Príčiny neurčitosti sociálnych rizík.
Na minha lista:
| Autor principal: | |
|---|---|
| Formato: | Capítulo de Livro |
| Idioma: | eslovaco |
| Assuntos: | |
| Tags: |
Sem tags, seja o primeiro a adicionar uma tag!
|
MARC
| LEADER | 00000naa$a2200000$$$4500 | ||
|---|---|---|---|
| 001 | 0073565 | ||
| 005 | 20231113113345.4 | ||
| 041 | 0 | |a slo | |
| 044 | |a SK | ||
| 245 | 1 | 0 | |a Vplyv neurčitosti na analýzu sociálnych rizík |c Katarína Kampová |
| 520 | |a Vymedzenie pojmu riziko. Význam neurčitosti pri analýze sociálnych rizík. Príčiny neurčitosti sociálnych rizík. | ||
| 610 | 2 | 0 | |a analýza sociálna |
| 610 | 2 | 0 | |a riziko |
| 610 | 2 | 0 | |a modely stochastické |
| 100 | 1 | |a Kampová, Katarína | |